|
|
|
|
| LEADER |
00000nam0a2200000 4500 |
| 001 |
190515 |
| 005 |
20231101224304.0 |
| 010 |
|
|
|a 9785222159354
|
| 035 |
|
|
|a (RuTPU)RU\TPU\book\207578
|
| 035 |
|
|
|a RU\TPU\book\134950
|
| 090 |
|
|
|a 190515
|
| 100 |
|
|
|a 20071107d2009 km y0rusy50 ca
|
| 101 |
0 |
|
|a rus
|
| 102 |
|
|
|a RU
|
| 105 |
|
|
|a y e 000zy
|
| 200 |
1 |
|
|a Этимологический словарь русского языка
|f О. А. Шаповалова
|
| 205 |
|
|
|a 5-е изд.
|
| 210 |
|
|
|a Ростов-на-Дону
|c Феникс
|d 2009
|
| 215 |
|
|
|a 238 с.
|
| 225 |
1 |
|
|a Словари
|
| 318 |
|
|
|5 63413507
|a Живем и учимся в России
|b выставка
|
| 330 |
|
|
|a Настоящий этимологический словарь насчитывает более 4500 словарных статей. Он дает ответы на разнообразные вопросы о происхождении наиболее употребительных слов русского языка. Словарь предназначен для учителей-словесников и студентов-филологов, а также для всех, кто интересуется вопросами этимологии русского языка.
|
| 606 |
1 |
|
|a Русский язык
|x Словари
|2 stltpush
|3 (RuTPU)RU\TPU\subj\67926
|9 83518
|
| 610 |
1 |
|
|a лексика
|
| 610 |
1 |
|
|a лексикология
|
| 610 |
1 |
|
|a этимология
|
| 610 |
1 |
|
|a словари
|
| 610 |
1 |
|
|a этимологические словари
|
| 686 |
|
|
|a Ш141.2-49
|2 rubbk
|
| 700 |
|
1 |
|a Шаповалова
|b О. А.
|
| 801 |
|
1 |
|a RU
|b 63413507
|c 20110124
|
| 801 |
|
2 |
|a RU
|b 63413507
|c 20111128
|g RCR
|
| 900 |
|
|
|a Русский язык и культура речи
|
| 942 |
|
|
|c BK
|
| 959 |
|
|
|a 9/20110124
|d 1
|e 127,40
|f ЧЗИЛ:1
|